| 000 | 00371nam a2200145 i 4500 | ||
|---|---|---|---|
| 001 | bg | ||
| 100 | 1 | _aCYGAŃSKI, Mirosław | |
| 245 | 0 |
_aSS w polityce zagranicznej III Rzeszy w latach 1934-1945 / _cMirosław Cygański. |
|
| 260 |
_aWarszawa, _c1975. |
||
| 040 | _cBPK | ||
| 041 | _apol | ||
| 080 | _a943.0 | ||
| 942 | _cKS | ||
| 008 | s pl f |000 0 pol | ||
| 999 |
_c27248 _d27248 |
||
| 856 |
_uhttp://koha.tu.koszalin.pl/cgi-bin/koha/opac-detail.pl?biblionumber=27248 _yKatalog online BPK |
||